| 000 | 00534nam a2200193Ia 4500 | ||
|---|---|---|---|
| 005 | 20250508151822.0 | ||
| 008 | 008 250505s9999 xx 000 0 eng d | ||
| 037 | _aTextBook | ||
| 040 |
_aFEDL _beng _cFEDL |
||
| 041 |
_aeng _2eng |
||
| 084 |
_a370.15, COL _qFEDL |
||
| 100 |
_aColadarci A P Ed. _9760070 |
||
| 245 | 0 | _aEducational psychology | |
| 260 |
_aNew York, USA _bDryden Press _c1955 |
||
| 300 | _a656p. | ||
| 650 |
_aEdcuation-Psychology _9756182 |
||
| 942 |
_cTB _h370.15, COL |
||
| 999 |
_c1332300 _d1332300 |
||